000 00431cam a2200157 a 4500
040 _cAFT
082 _a001 PRO 1985 C096 Or.
245 0 0 _aProfessional engineer :
_ba guide to registration
260 _aFort Belvoir, Va. :
_bU.S. Army Engineer School,
_c1985
300 _aii, 23 p. ;
_c28 cm
500 _aCover title
650 0 _aEngineering
710 2 _aU.S. Army Engineer School
710 2 _aHathiTrust.
942 _cAEDBB
999 _c22329
_d22329